00245nam a2200097Ia 4500008004100000100002300041245004900064260001700113300000700130650001000137190216s9999||||xx |||||||||||||| ||und|| aAshok Kumar Sharma 0aHindi - Bharat Ki Mahan Vaigyanik Vibhutiyan bVikramc2007 a95 aHindi